[Event "New York Int op 13th"]
[Site "New York"]
[Date "2025.07.17"]
[Round "3"]
[White "Brain, Logan J"]
[Black "Plotkin, Mark"]
[Result "0-1"]
[WhiteElo "2147"]
[BlackElo "2357"]
[PlyCount "54"]
[EventDate "2025.07.16"]
[EventType "swiss"]
[EventRounds "9"]
[EventCountry "USA"]
[SourceTitle "CB30_2025"]
[SourceDate "2025.07.23"]
[SourceVersion "1"]
[SourceVersionDate "2025.07.23"]
[SourceQuality "1"]

1. e4 g6 2. d4 Bg7 3. Nc3 d6 4. Be3 a6 5. g4 Nf6 6. f3 b5 7. Qd2 h5 8. g5 Nfd7 9. h4 c5 10. Nge2 Nc6 11. f4 Nb6 12. dxc5 Nc4 13. Qc1 Bg4 14. Bg2 b4 15. e5 Rc8 16. Nd5 dxe5 17. f5 gxf5 18. Nb6 Nxb6 19. cxb6 e4 20. g6 Ne5 21. gxf7+ Kxf7 22. Nf4 Nd3+ 23. Nxd3 exd3 24. 0-0 Rxc2 25. Qe1 Re2 26. Qxb4 Rxe3 27. b7 d2 0-1

[Event "New York Int op 13th"]
[Site "New York"]
[Date "2025.07.17"]
[Round "2"]
[White "Korley, Kassa"]
[Black "Brain, Logan J"]
[Result "1/2-1/2"]
[WhiteElo "2407"]
[BlackElo "2147"]
[PlyCount "106"]
[EventDate "2025.07.16"]
[EventType "swiss"]
[EventRounds "9"]
[EventCountry "USA"]
[SourceTitle "CB30_2025"]
[SourceDate "2025.07.23"]
[SourceVersion "1"]
[SourceVersionDate "2025.07.23"]
[SourceQuality "1"]

1. e4 c5 2. Nf3 Nc6 3. Bb5 e6 4. Bxc6 bxc6 5. d3 Ne7 6. Qe2 f6 7. e5 Ng6 8. h4 Qc7 9. exf6 gxf6 10. h5 Nf4 11. Bxf4 Qxf4 12. Nbd2 d5 13. Rh4 Qc7 14. h6 Rg8 15. g3 Rg6 16. 0-0-0 Rb8 17. Kb1 Rxh6 18. Rxh6 Bxh6 19. Rh1 Bf8 20. g4 h6 21. b3 Rb4 22. Nh4 Qe5 23. Qxe5 fxe5 24. c4 Bg7 25. Nhf3 Rb7 26. g5 hxg5 27. Nxg5 Ke7 28. Kc2 Bd7 29. Re1 Be8 30. f4 Bg6 31. Ndf3 dxc4 32. Nxe5 cxd3+ 33. Nxd3 e5 34. Kc3 Bxd3 35. Kxd3 Rd7+ 36. Kc4 Rd4+ 37. Kxc5 Rxf4 38. Kxc6 Rf2 39. a4 Rb2 40. Rd1 Rxb3 41. Rd7+ Kf6 42. Ne4+ Kf5 43. Nd6+ Ke6 44. Rxg7 Rc3+ 45. Kb5 Kxd6 46. Rxa7 e4 47. Ra8 Rc7 48. Re8 Re7 49. Rxe7 Kxe7 50. Kc4 Kd6 51. Kd4 Kc6 52. a5 Kb5 53. Kxe4 Kxa5 1/2-1/2

[Event "Marshall IM-B"]
[Site "New York"]
[Date "2025.05.24"]
[Round "4"]
[White "Brain, Logan J"]
[Black "Omelja, Artem"]
[Result "0-1"]
[WhiteElo "2138"]
[BlackElo "2397"]
[PlyCount "114"]
[EventDate "2025.05.22"]
[EventType "tourn"]
[EventRounds "9"]
[EventCountry "USA"]
[EventCategory "1"]
[SourceTitle "CB22_2025"]
[SourceDate "2025.05.28"]
[SourceVersion "1"]
[SourceVersionDate "2025.05.28"]
[SourceQuality "1"]

1. e4 e5 2. Nf3 Nc6 3. Bc4 Bc5 4. d3 Nf6 5. Bg5 h6 6. Bh4 Be7 7. Bg3 d6 8. c3 0-0 9. 0-0 Na5 10. Bb5 a6 11. Ba4 b5 12. Bc2 c5 13. d4 exd4 14. cxd4 Nh5 15. Nc3 Nc6 16. Nd5 Nxg3 17. hxg3 Bg4 18. dxc5 dxc5 19. a4 Rb8 20. axb5 axb5 21. Qd3 Be6 22. Rfd1 c4 23. Qe3 Bxd5 24. Rxd5 Qb6 25. Qe2 Nb4 26. Rd7 Bc5 27. Bb1 Rbd8 28. Rxd8 Rxd8 29. Kf1 g6 30. e5 Kg7 31. Be4 Nd3 32. Bxd3 Rxd3 33. Re1 Rb3 34. Rd1 Qe6 35. Nd4 Bxd4 36. Rxd4 Qf5 37. Re4 Rxb2 38. Qxb2 Qxe4 39. e6+ f6 40. Qxb5 Qxe6 41. Qb7+ Qf7 42. Qc6 h5 43. Qc5 Qe6 44. Qc7+ Kh6 45. Qf4+ g5 46. Qd4 Kg6 47. Qc5 Qe4 48. Qc8 Qd4 49. Qe8+ Kf5 50. Qxh5 Qd3+ 51. Ke1 Ke5 52. Qe8+ Kd4 53. Qd8+ Kc3 54. Qa5+ Kb3 55. Qb5+ Kc2 56. Qa4+ Qb3 57. Qd7 Qc3+ 0-1

[Event "New York President's Day IM-B"]
[Site "New York"]
[Date "2025.02.14"]
[Round "1"]
[White "Ho, Carter"]
[Black "Brain, Logan J"]
[Result "0-1"]
[WhiteElo "2166"]
[BlackElo "2145"]
[PlyCount "120"]
[EventDate "2025.02.14"]
[EventType "tourn"]
[EventRounds "9"]
[EventCountry "USA"]
[SourceTitle "CB08_2025"]
[SourceDate "2025.02.19"]
[SourceVersion "1"]
[SourceVersionDate "2025.02.19"]
[SourceQuality "1"]

1. e4 c5 2. Nf3 d6 3. d4 cxd4 4. Nxd4 Nf6 5. Nc3 a6 6. f3 e5 7. Nb3 Be6 8. Be3 h5 9. Nd5 Nxd5 10. exd5 Bf5 11. Qd2 Nd7 12. c4 Qh4+ 13. g3 Qf6 14. Bg5 Qg6 15. Be2 a5 16. a4 b6 17. Be3 Be7 18. Rg1 Bd8 19. Rc1 Nc5 20. Nxc5 bxc5 21. Bd1 Rb8 22. b3 0-0 23. Rc3 Re8 24. Kf2 e4 25. f4 Bf6 26. Rc1 Rb4 27. Kg2 Bg4 28. h3 Bxd1 29. Qxd1 Bd4 30. Re1 Bxe3 31. Rxe3 Qf6 32. Rcc3 h4 33. Qg4 hxg3 34. Rxg3 Rb7 35. Rce3 Qd4 36. h4 Reb8 37. h5 Qf6 38. f5 Re8 39. Qf4 Re5 40. Rg5 Kf8 41. Reg3 e3 42. Rxe3 Rxe3 43. Qxe3 Qb2+ 44. Qf2 Rxb3 45. f6 gxf6 46. Rg3 Rxg3+ 47. Kxg3 Qe5+ 48. Qf4 Qg5+ 49. Qxg5 fxg5 50. Kg4 f6 51. h6 Kg8 52. Kf5 Kh7 53. Kxf6 g4 54. Ke6 g3 55. Kxd6 g2 56. Kc7 g1Q 57. d6 Qg3 58. Kc6 Qb3 59. d7 Qxa4+ 60. Kc7 Qxd7+ 0-1

[Event "New York 1000 GM Summer IM-C"]
[Site "New York"]
[Date "2024.07.13"]
[Round "6"]
[White "Poliannikov, Danila"]
[Black "Brain, Logan J"]
[Result "1-0"]
[WhiteElo "2238"]
[BlackElo "2135"]
[PlyCount "117"]
[EventDate "2024.07.10"]
[EventType "tourn"]
[EventRounds "9"]
[EventCountry "USA"]
[SourceTitle "CBM 221 Extra"]
[Source "ChessBase"]
[SourceDate "2024.09.30"]
[SourceVersion "1"]
[SourceVersionDate "2024.09.30"]
[SourceQuality "1"]

1. e4 c5 2. Nf3 Nc6 3. d4 cxd4 4. Nxd4 Nf6 5. Nc3 e5 6. Ndb5 d6 7. Bg5 a6 8. Na3 b5 9. Nd5 Be7 10. Bxf6 Bxf6 11. c4 b4 12. Nc2 0-0 13. Qf3 Be7 14. Be2 a5 15. 0-0 Be6 16. Rad1 Qb8 17. Nxe7+ Nxe7 18. Rd2 Rc8 19. b3 Rc5 20. Rfd1 Ra6 21. Ne3 Qc7 22. Nf5 Nc8 23. Qg3 g6 24. Qg5 Bxf5 25. exf5 Ne7 26. Bd3 e4 27. Bxe4 Nxf5 28. Bd5 Qe7 29. Qxe7 Nxe7 30. Bf3 Re5 31. Kf1 Re6 32. Bg4 Rf6 33. Bd7 Kf8 34. h4 h5 35. g3 Kg7 36. Kg2 Kf8 37. f3 Nf5 38. Bxf5 gxf5 39. Rd5 a4 40. f4 Re6 41. Kf3 axb3 42. axb3 Ra3 43. R1d3 Ra1 44. Rxf5 Rf1+ 45. Kg2 Rb1 46. Rxh5 Re2+ 47. Kh3 Rc2 48. Rxd6 Rxb3 49. f5 Ke7 50. Rb6 Rf2 51. Kg4 Rff3 52. f6+ Kd7 53. Rh7 Rxg3+ 54. Kh5 Kc7 55. c5 Rbc3 56. Rxf7+ Kc8 57. Rc6+ Kd8 58. Rcc7 b3 59. Rfd7+ 1-0

[Event "New York 1000 GM Summer IM-C"]
[Site "New York"]
[Date "2024.07.12"]
[Round "5"]
[White "Brain, Logan J"]
[Black "Kretchetov, Alexandre"]
[Result "0-1"]
[WhiteElo "2135"]
[BlackElo "2088"]
[PlyCount "64"]
[EventDate "2024.07.10"]
[EventType "tourn"]
[EventRounds "9"]
[EventCountry "USA"]
[SourceTitle "CBM 221 Extra"]
[Source "ChessBase"]
[SourceDate "2024.09.30"]
[SourceVersion "1"]
[SourceVersionDate "2024.09.30"]
[SourceQuality "1"]

1. e4 g6 2. d4 c6 3. Nc3 d5 4. e5 Bg7 5. Bf4 f6 6. Qd2 Nd7 7. Nf3 fxe5 8. dxe5 Nc5 9. h3 Ne6 10. Be3 Qc7 11. 0-0-0 Bd7 12. Na4 b6 13. Nc3 Bxe5 14. Nxe5 Qxe5 15. f4 Qc7 16. g4 Nf6 17. Kb1 Rf8 18. Bg2 0-0-0 19. Rhe1 d4 20. Bxd4 Nxd4 21. g5 Bf5 22. gxf6 exf6 23. Nd5 cxd5 24. Qxd4 Qxc2+ 25. Ka1 Qxg2 26. Rd2 Qxh3 27. Re3 Qf1+ 28. Rd1 Qb5 29. a4 Qd7 30. a5 Kb7 31. Rde1 Be4 32. Rb3 Qc6 0-1

[Event "New York 1000 GM Summer IM-C"]
[Site "New York"]
[Date "2024.07.11"]
[Round "3"]
[White "Brain, Logan J"]
[Black "Lee, Megan Shuen Hui"]
[Result "0-1"]
[WhiteElo "2135"]
[BlackElo "2297"]
[PlyCount "62"]
[EventDate "2024.07.10"]
[EventType "tourn"]
[EventRounds "9"]
[EventCountry "USA"]
[SourceTitle "CBM 221 Extra"]
[Source "ChessBase"]
[SourceDate "2024.09.30"]
[SourceVersion "1"]
[SourceVersionDate "2024.09.30"]
[SourceQuality "1"]

1. c4 c6 2. g3 d5 3. Nf3 Nf6 4. Bg2 dxc4 5. 0-0 Nbd7 6. Qc2 Nb6 7. Na3 Be6 8. Ng5 Qd7 9. Nxe6 Qxe6 10. b3 cxb3 11. axb3 Qxe2 12. Bb2 Nfd5 13. Rfe1 Qg4 14. Nc4 Qd7 15. Ne5 Qc7 16. Ra5 Nf6 17. Rea1 a6 18. b4 Rc8 19. Rc1 e6 20. b5 axb5 21. Rxb5 Nbd7 22. Qb3 Rb8 23. Nxc6 bxc6 24. Rxc6 Qd8 25. Bxf6 gxf6 26. Rc4 Rxb5 27. Qxb5 Bd6 28. Bc6 Ke7 29. Ra4 Qc7 30. Ra6 Rb8 31. Qh5 Nc5 0-1

[Event "New York 1000 GM Summer IM-C"]
[Site "New York"]
[Date "2024.07.11"]
[Round "2"]
[White "Rozman, Levy"]
[Black "Brain, Logan J"]
[Result "1-0"]
[WhiteElo "2348"]
[BlackElo "2135"]
[PlyCount "75"]
[EventDate "2024.07.10"]
[EventType "tourn"]
[EventRounds "9"]
[EventCountry "USA"]
[SourceTitle "CBM 221 Extra"]
[Source "ChessBase"]
[SourceDate "2024.09.30"]
[SourceVersion "1"]
[SourceVersionDate "2024.09.30"]
[SourceQuality "1"]

1. d4 Nf6 2. c4 g6 3. Nc3 d5 4. Nf3 Bg7 5. cxd5 Nxd5 6. e3 0-0 7. Bc4 Nxc3 8. bxc3 c5 9. 0-0 Qc7 10. Qe2 b6 11. Ba3 Bb7 12. Rad1 Nc6 13. h4 Rac8 14. Bd3 Rfd8 15. Ng5 e6 16. h5 Ne7 17. hxg6 hxg6 18. Qg4 Nf5 19. Qh3 Qe7 20. Qh7+ Kf8 21. Ne4 Nh6 22. f3 Rd5 23. g4 Rdd8 24. Rd2 Bxe4 25. Bxe4 Qg5 26. f4 Qxg4+ 27. Rg2 Qh3 28. Bf3 Qh4 29. Rh2 Qg3+ 30. Kh1 Ke7 31. Qxg7 Nf5 32. Qe5 Nh4 33. Qg5+ Qxg5 34. fxg5 Rh8 35. Be4 Rh5 36. Rf4 Rch8 37. dxc5 bxc5 38. Bxc5+ 1-0